<?xml version="1.0" encoding="UTF-8"?>
<record
    xmlns:xsi="http://www.w3.org/2001/XMLSchema-instance"
    xsi:schemaLocation="http://www.loc.gov/MARC21/slim http://www.loc.gov/standards/marcxml/schema/MARC21slim.xsd"
    xmlns="http://www.loc.gov/MARC21/slim">

  <leader>01433nam a22002777a 4500</leader>
  <controlfield tag="003">OSt</controlfield>
  <controlfield tag="005">20240823131343.0</controlfield>
  <controlfield tag="008">240823b           ||||| |||| 00| 0 eng d</controlfield>
  <datafield tag="020" ind1=" " ind2=" ">
    <subfield code="a">9780323445672</subfield>
  </datafield>
  <datafield tag="040" ind1=" " ind2=" ">
    <subfield code="c">WIUC - GH</subfield>
    <subfield code="d">WIUC - GH</subfield>
  </datafield>
  <datafield tag="050" ind1=" " ind2=" ">
    <subfield code="a">RM700.P46</subfield>
  </datafield>
  <datafield tag="100" ind1=" " ind2=" ">
    <subfield code="a">Cameron, Michelle H.</subfield>
    <subfield code="9">3039</subfield>
  </datafield>
  <datafield tag="245" ind1=" " ind2=" ">
    <subfield code="a">Physical agents in rehabilitation:</subfield>
    <subfield code="b">an evidence-based approach to practice. /</subfield>
  </datafield>
  <datafield tag="250" ind1=" " ind2=" ">
    <subfield code="a">5th ed</subfield>
  </datafield>
  <datafield tag="260" ind1=" " ind2=" ">
    <subfield code="a">St,Louis</subfield>
    <subfield code="b">Elsevier</subfield>
    <subfield code="c">2018</subfield>
  </datafield>
  <datafield tag="300" ind1=" " ind2=" ">
    <subfield code="a">xi, ; 448 p. :</subfield>
    <subfield code="b">ills. index.</subfield>
  </datafield>
  <datafield tag="500" ind1=" " ind2=" ">
    <subfield code="a">Including bibliographical references and index</subfield>
  </datafield>
  <datafield tag="505" ind1=" " ind2=" ">
    <subfield code="a">Contents: Physiology of physical agents -- Physical agents in clinical practice -- Inflammation and tissue repair -- Pain and pain management -- Tone abnormalities -- Motion restrictions -- Introduction to thermal agents -- Superficial cold and heat -- Thermotherapy -- Ultrasound -- Diathermy -- Introduction to electrotherapy -- Electrical currents for muscle contraction -- Electrical currents for pain control -- Electrical currents for soft tissue healing -- Electromyographic (EMG) biofeedback -- Electromagnetic agents -- Ultraviolet therapy -- Hydrotherapy -- Traction -- Compression</subfield>
  </datafield>
  <datafield tag="650" ind1=" " ind2=" ">
    <subfield code="b">Physical agents</subfield>
    <subfield code="9">3040</subfield>
  </datafield>
  <datafield tag="650" ind1=" " ind2=" ">
    <subfield code="a">Pathology and patient</subfield>
    <subfield code="9">3041</subfield>
  </datafield>
  <datafield tag="650" ind1=" " ind2=" ">
    <subfield code="b">Thermal agents</subfield>
    <subfield code="9">3042</subfield>
  </datafield>
  <datafield tag="650" ind1=" " ind2=" ">
    <subfield code="b">Electrical currents</subfield>
    <subfield code="9">3043</subfield>
  </datafield>
  <datafield tag="650" ind1=" " ind2=" ">
    <subfield code="a">Electromagnetic agents</subfield>
    <subfield code="9">3044</subfield>
  </datafield>
  <datafield tag="650" ind1=" " ind2=" ">
    <subfield code="a">Mechanical agents</subfield>
    <subfield code="9">3045</subfield>
  </datafield>
  <datafield tag="942" ind1=" " ind2=" ">
    <subfield code="2">lcc</subfield>
    <subfield code="c">BK</subfield>
  </datafield>
  <datafield tag="999" ind1=" " ind2=" ">
    <subfield code="c">10390</subfield>
    <subfield code="d">17890</subfield>
  </datafield>
  <datafield tag="952" ind1=" " ind2=" ">
    <subfield code="0">0</subfield>
    <subfield code="1">0</subfield>
    <subfield code="2">lcc</subfield>
    <subfield code="4">0</subfield>
    <subfield code="7">0</subfield>
    <subfield code="a">WIUC-KL</subfield>
    <subfield code="b">WIUC-KL</subfield>
    <subfield code="c">NURS L.</subfield>
    <subfield code="d">2024-08-22</subfield>
    <subfield code="l">0</subfield>
    <subfield code="o">RM700.P46(5e)</subfield>
    <subfield code="p">KSN/1521/262/24</subfield>
    <subfield code="r">2024-08-23 00:00:00</subfield>
    <subfield code="w">2024-08-23</subfield>
    <subfield code="y">BK</subfield>
  </datafield>
</record>
